000 00894nam a2200217Ii 4500
003 JO-AjNU
008 230605s9999||||xx |||||||||||||| ||und||
017 _a1995/5/431
040 _aJO-AjNU
_bara
_erda
_cJO-AjNU
041 _aara
050 1 4 _aJX1391.H34.1995
100 3 _aترجمة عصفور، محمد؛ تقديم الحسن بن طلال ؛ صدرالدين آغاخان ؛ مراجعة محمد عدنان البخيت ,
_eauthor
_949370
245 0 0 _aهل تكسب الإنسانية معركتها ؟ : تقرير الهيئة المستقلة الخاصة بالقضايا الإنسانية في العالم
250 _a(د،ط)
264 3 1 _aعمان : وزارة الثقافة ، 1995
300 _a296ص
336 _atext
_btxt
_2rdacontent
337 _aunmediated
_bn
_2rdamedia
338 _avolume
_bnc
_2rdacarrier
650 4 _aسياسة دولية
_949371
999 _aA21680
_c25248
_d25248